[Event "Toronto Canada Day op"]
[Site "Toronto"]
[Date "2007.07.01"]
[Round "4"]
[White "Ferreira, Alex"]
[Black "Kasperovich, Michael"]
[Result "1-0"]
[WhiteElo "2006"]
[BlackElo "1370"]
[PlyCount "25"]
[EventDate "2007.06.30"]
[EventType "swiss"]
[EventRounds "6"]
[EventCountry "CAN"]
[SourceTitle "EXT 2022"]
[Source "ChessBase"]
[SourceDate "2021.10.06"]
[SourceVersion "1"]
[SourceVersionDate "2021.10.06"]
[SourceQuality "1"]

1. d4 d5 2. c4 c5 3. cxd5 c4 4. e4 Nf6 5. Nc3 e6 6. Bxc4 Bb4 7. Qa4+ Qd7 8. Qxb4 Na6 9. Bxa6 bxa6 10. dxe6 Qxe6 11. f3 Nh5 12. Nd5 Qd7 13. Ne2 1-0